| 000 | 00777nam a2200181Ia 4500 | ||
|---|---|---|---|
| 008 | 151202s9999||||xx |||||||||||||| ||und|| | ||
| 082 | _bPNVM-71872 | ||
| 100 | _aफळणीकर विजय / शब्दां. फाळके सविता. | ||
| 245 | _aपराजय नव्हे विजय. | ||
| 260 | _b"दिलीपराज प्रकाशन, पुणे." | ||
| 260 | _c70709 | ||
| 300 | _a188 | ||
| 600 | _aफळणीकर विजय / शब्दां. फाळके सविता. | ||
| 630 | _aपराजय नव्हे विजय. | ||
| 700 | _aफळणीकर विजय / शब्दां. फाळके सविता. | ||
| 730 | _aपराजय नव्हे विजय. | ||
| 942 | _cBOOK | ||
| 999 |
_c1338541 _d1338538 |
||